|
|
|
|
| LEADER |
01191nam a2200277 a 4500 |
| 001 |
GR-Patra16695 |
| 008 |
040115s2001 enk e b 001 0 eng d |
| 020 |
|
|
|a 1861561962
|
| 040 |
|
|
|a GrPaTEI
|b gre
|c GR-PaULI
|
| 040 |
|
|
|a GrPaTEI
|b gre
|c GR-PaULI
|
| 082 |
|
0 |
|a 616.855
|2 21
|
| 100 |
1 |
|
|a Mathieson, Lesley
|
| 245 |
1 |
0 |
|a Greene and Mathieson's the voice and its disorders /
|c Leslie Mathieson.
|
| 250 |
|
|
|a 6th ed.
|
| 260 |
|
|
|a London :
|b Whurr,
|c c2001
|
| 300 |
|
|
|a xxi, 750σ.
|
| 500 |
|
|
|a U.S. Consultant: R.J. Baken
|
| 504 |
|
|
|a Περιλαμβάνει βιβλιογραφίες και ευρετήριο.
|
| 650 |
|
0 |
|a Language disorders
|
| 650 |
|
0 |
|a SPEECH DISORDERS
|
| 710 |
0 |
|
|a Whurr Publishers
|
| 942 |
|
|
|2 ddc
|
| 952 |
|
|
|0 0
|1 0
|2 ddc
|4 0
|6 616_855000000000000_MAT
|7 0
|9 296306
|a LISK
|b LISK
|c BSC
|d 2021-01-17
|e 24
|f 0
|g 0.00
|l 0
|o 616.855 MAT
|p 92410028240
|r 2021-01-17 00:00:00
|t 1
|w 2021-01-17
|y BK15
|x 20060301 0 1
|x GrPaTEI
|
| 952 |
|
|
|0 0
|1 0
|2 ddc
|4 0
|6 616_855000000000000_MAT
|7 1
|9 296307
|a LISK
|b LISK
|c BSC
|d 2021-01-17
|e 24
|f 0
|g 0.00
|l 0
|o 616.855 MAT
|p 92410028239
|r 2021-01-17 00:00:00
|t 1
|w 2021-01-17
|y BKN
|x 20060301 0 0
|x GrPaTEI
|
| 971 |
|
|
|a .b26642104
|b 15-04-20
|c 23-09-16
|
| 999 |
|
|
|c 172715
|d 172715
|